Durham University Colleges - Statistics

General Stats
  • This quiz has been taken 78 times
  • The average score is 12 of 17
Answer Stats
Answer % Correct
University College
87%
Collingwood College
81%
Hatfield College
81%
St. John's College
80%
St. Mary's College
80%
St. Chad's College
78%
Trevelyan College
76%
Grey College
72%
South College
72%
John Snow College
70%
Van Mildert College
70%
Josephine Butler College
69%
St. Aidan's College
67%
St. Cuthbert's Society
65%
Ustinov College
63%
Stephenson College
52%
St. Hild and St. Bede College
44%
No matching quizzes found
Score Distribution
Percent of People with Each Score
Percentile by Number Answered
Your Score History
You have not taken this quiz